Study guide to accompany business statistics : concepts and applications

Αποθηκεύτηκε σε:
Λεπτομέρειες βιβλιογραφικής εγγραφής
Κύριος συγγραφέας: Stevenson, William J.
Άλλοι συγγραφείς: Isselhardt, Bernard J.
Μορφή: Βιβλίο
Γλώσσα:English
Δημοσίευση: New York, Cambridge, Philadephia : Harper & Row Publishers, c1985
Θέματα:
Ετικέτες: Προσθήκη ετικέτας
Δεν υπάρχουν, Καταχωρήστε ετικέτα πρώτοι!

MARC

LEADER 00000nam a2200000 i 4500
001 1/45877
008 961118s1985 eng d
020 |a 0-06-046441-0 
035 |l 10026219 
040 |a GR-MY-UA  |b gre  |e aacr 
041 0 |a eng 
082 0 |a 519.5024658 
100 1 |a Stevenson, William J. 
245 1 0 |a Study guide to accompany business statistics :  |b concepts and applications /  |c William J. Stevenson ; Bernard J. Isselhardt 
260 |a New York, Cambridge, Philadephia :   |b Harper & Row Publishers,   |c c1985 
300 |a 125 σ. 
650 0 0 |a Statistics  |x Business. 
700 1 |a Isselhardt, Bernard J. 
852 |a INST  |b CHIOS  |e 19961118  |h 519.5024658 STE  |p 005200010942  |q 005200010942  |t BK  |y 0 
909 |a Χ  |b 013389